Pracovný zošit zo slovenského jazyka pre 7. ročník špeciálnych základných škôl

Bibliographic Details
Main Author: Belanský, Jozef (Author)
Other Authors: Žitňanová, Tatiana, 1956- (Illustrator)
Format: Book
Language:Slovak
Published: Bratislava Slovenské pedagogické nakladateľstvo 2006
Edition:4. vyd.
Subjects:

MARC

LEADER 00000nam a2200000 a 4500
001 vtls008874014
003 SK-MaSNL
005 20260301080428.0
008 240314s2006 xo a c p 000 0 slo
015 |a SNBA2007/01-00199 
020 |a 8010011134  |q (brož.) 
035 |a 0A6DF1B8-1DF2-4D5F-AE8E-318284396C5E 
035 |a urn:nbn:sk:snk-amjuwo 
035 |a urn:nbn:sk:snk-am007yqm 
040 |a SNK  |b slo  |c SNK  |e AACR2 
041 0 |a slo 
044 |a xo  |c SK 
072 7 |a 811.162.4  |x Slovenčina  |2 konspekt 
080 |a (075.2)  |2 2001 
080 |a (076.1)  |2 2001 
080 |a 811.162.4  |2 2001 
100 1 |a Belanský, Jozef  |4 aut  |9 11161 
245 1 0 |a Pracovný zošit zo slovenského jazyka pre 7. ročník špeciálnych základných škôl  |c Jozef Belanský ; [ilustrácie: Táňa Žitňanová] 
250 |a 4. vyd. 
260 |a Bratislava  |b Slovenské pedagogické nakladateľstvo  |c 2006 
300 |a 59 s.  |b fareb. ilustr.  |c 29 cm 
500 |a Fareb. ilustr. na tit. strane a front. 
650 0 7 |a slovenčina  |2 SNKPH  |9 1350 
655 7 |a učebnice špeciálnych základných škôl  |2 SNKPH  |9 70204 
655 7 |a pracovné zošity  |2 SNKPH  |9 70188 
700 1 |a Žitňanová, Tatiana,  |d 1956-  |4 ill  |9 86022 
919 |a 80-10-01113-4 
968 |d 37 
999 |c 653147  |d 655077 
952 |a SNK  |b SNK  |y PREZ  |7 0  |p 17A0528330  |o snkSB 73226  |i snk2006/23361  |8 0  |0 0  |1 0  |4 0  |d 2006-11-08  |l 0  |r 2025-04-28 00:00:00  |w 2026-02-23 
952 |a SNK  |b SNK  |y VYP  |7 0  |p 17A0528331  |o snkSB 73226 D1  |i snk2006/23362  |8 0  |0 0  |1 0  |4 0  |d 2006-11-08  |f 1  |l 0  |r 2016-06-30 00:00:00  |w 2026-02-23